Historical linguistics 2003 (Record no. 45095)
[ view plain ]
| 000 -LEADER | |
|---|---|
| fixed length control field | 01684nam a2200337Ia 4500 |
| 082 04 - DEWEY DECIMAL CLASSIFICATION NUMBER | |
| Classification number | 417/.7 |
| 245 10 - TITLE STATEMENT | |
| Title | Historical linguistics 2003 |
| 260 ## - PUBLICATION, DISTRIBUTION, ETC. (IMPRINT) | |
| Place of publication | Philadelphia ; |
| -- | Amsterdam : |
| Name of publisher | John Benjamins Pub. Co., |
| Year of publication | 2005. |
| 300 ## - PHYSICAL DESCRIPTION | |
| Number of Pages | ix, 319 p. |
| 490 1# - SERIES STATEMENT | |
| Series statement | Amsterdam studies in the theory and history of linguistic science. Series IV, Current issues in linguistic theory, |
| 650 #0 - SUBJECT ADDED ENTRY--TOPICAL TERM | |
| Topical Term | Historical linguistics |
| Topical Term | Linguistic change. |
| 700 1# - ADDED ENTRY--PERSONAL NAME | |
| Personal name | Fortescue, Michael D. |
| 856 40 - ELECTRONIC LOCATION AND ACCESS | |
| Uniform Resource Identifier | http://site.ebrary.com/lib/rucke/Doc?id=10074866 |
No items available.
